000 00599nam a22002057a 4500
003 FEu
005 20141119132619.0
008 130218t xxu||||| |||| 00| 0 eng d
020 _a9716857153
050 _aLB 1115
_b.B595F6 2010
100 _aBilbao, Purita P.
245 _aField study 6 :
_bon becoming a teacher /
_cPurita P. Bilbao.
260 _aQuezon City, Philippines :
_bLorimar Publishing Inc.,
_cc2010.
300 _a53 pages :
_c26 cm.
_billustrations ;
521 _aEducation
650 _aTeaching
_vProfession.
942 _2lcc
_cBK
_kLOC
999 _c276816
_d276816